| 000 -LEADER |
| fixed length control field |
00572nam a2200205Ia 4500 |
| 001 - CONTROL NUMBER |
| control field |
18957 |
| 003 - CONTROL NUMBER IDENTIFIER |
| control field |
GE_BSU |
| 008 - FIXED-LENGTH DATA ELEMENTS--GENERAL INFORMATION |
| fixed length control field |
181216s||||||||xx |||||||||||||| ||und|| |
| 040 ## - CATALOGING SOURCE |
| Transcribing agency |
GE_BSU |
| 245 ## - TITLE STATEMENT |
| Title |
Государство и право. №5. 2016. Май |
| 245 ## - TITLE STATEMENT |
| Statement of responsibility, etc. |
Гл.ред.А.С.Автономов |
| 250 ## - EDITION STATEMENT |
| Edition statement |
Выходит 12раз в год. |
| 260 ## - PUBLICATION, DISTRIBUTION, ETC. |
| Place of publication, distribution, etc. |
Москва |
| 260 ## - PUBLICATION, DISTRIBUTION, ETC. |
| Name of publisher, distributor, etc. |
Наука |
| 260 ## - PUBLICATION, DISTRIBUTION, ETC. |
| Date of publication, distribution, etc. |
2016 |
| 300 ## - PHYSICAL DESCRIPTION |
| Extent |
128стр,29см |
| 653 ## - INDEX TERM--UNCONTROLLED |
| Uncontrolled term |
Государство и право. |
| 653 ## - INDEX TERM--UNCONTROLLED |
| Uncontrolled term |
პერიოდიკა |
| 942 ## - ADDED ENTRY ELEMENTS (KOHA) |
| Koha item type |
პერიოდიკა |